Определение генетически модифицированных источников (ГМИ) с использованием полимеразной цепной реакции в режиме реального времени
Учебно-методическое пособие предназначено для успешного усвоения теоретического и практического материала по методам регистрации генетически модифицированных источников (ГМИ) в продуктах питания. В пособии даны теоретические принципы и методические подходы индикации ГМИ в ПЦР-РВ, описаны модификации...
Guardat en:
| Autor principal: | |
|---|---|
| Altres autors: | , |
| Format: | Книга |
| Idioma: | Russian |
| Publicat: |
Москва
МГАВМиБ им. К.И. Скрябина
2017
|
| Accés en línia: | https://e.lanbook.com/book/484727 https://e.lanbook.com/img/cover/book/484727.jpg |
| Etiquetes: |
Afegir etiqueta
Sense etiquetes, Sigues el primer a etiquetar aquest registre!
|
| LEADER | 03098nam0a2200277 i 4500 | ||
|---|---|---|---|
| 001 | 484727 | ||
| 003 | RuSpLAN | ||
| 005 | 20250513175523.0 | ||
| 008 | 250513s2017 ru gs 000 0 rus | ||
| 040 | |a RuSpLAN | ||
| 041 | 0 | |a rus | |
| 044 | |a ru | ||
| 080 | |a 636:612.017.1(07) | ||
| 245 | 0 | 0 | |a Определение генетически модифицированных источников (ГМИ) с использованием полимеразной цепной реакции в режиме реального времени |c Марзанова С. Н.,Девришов Д. А.,Алексеев Я. И. |
| 260 | |a Москва |b МГАВМиБ им. К.И. Скрябина |c 2017 | ||
| 300 | |a 51 с. | ||
| 504 | |a Библиогр.: доступна в карточке книги, на сайте ЭБС Лань | ||
| 520 | 8 | |a Учебно-методическое пособие предназначено для успешного усвоения теоретического и практического материала по методам регистрации генетически модифицированных источников (ГМИ) в продуктах питания. В пособии даны теоретические принципы и методические подходы индикации ГМИ в ПЦР-РВ, описаны модификации этого метода и правила регистрации результата. ПЦР, в качестве альтернативы иммуноферментного анализа, основанного на выявлении модифицированного белка с использованием специфичных антител, является безусловным лидером в качестве метода обнаружения известных видов ГМИ в образце. Учебно-методическое пособие предназначено для научных сотрудников, аспирантов, занимающихся проблемами ГМО, преподавателей иммунологии, ветеринарно-санитарной экспертизы, студентов ФВМ, специализирующихся по ветеринарно-санитарной экспертизе, магистров направлений «Биология» и «Биотехнология», а также студентов-бакалавров, специализирующихся по «Биохимии», «Биотехнологии» и др. | |
| 521 | 8 | |a Книга из коллекции МГАВМиБ им. К.И. Скрябина - Ветеринария и сельское хозяйство | |
| 521 | 8 | |a СЭБ | |
| 100 | 1 | |a Марзанова С. Н. | |
| 700 | 1 | |a Девришов Д. А. | |
| 700 | 1 | |a Алексеев Я. И. | |
| 856 | 4 | |u https://e.lanbook.com/book/484727 | |
| 856 | 4 | 8 | |u https://e.lanbook.com/img/cover/book/484727.jpg |
| 953 | |a https://e.lanbook.com/img/cover/book/484727.jpg | ||